000 00363nam a2200133Ia 4500
008 240624s9999 xx 000 0 und d
041 _aeng
082 _a658.4038 FIR
100 _aFIRESTONE JOSEPH M
245 _aENTERPRISE INFORMATION PORTALS AND KNOWL
260 _c2003
_aLondon
_bButterworth Heinemann
300 _axxx, : 422 : p. : cm. ; 25
365 _c
_b35
999 _c5788
_d5788